000 00489nam a22001817a 4500
003 CEME
005 20210628203707.0
008 210127b xxu||||| |||| 00| 0 eng d
020 _a0-87006-777-X
040 _c.
082 _a629.28722 DUF
100 _aDuffy, James E
_934777
245 _aModern automotive mechanics
260 _aHOLLAND
_bTHE GOODHEART WILLCOX CO
_c1990
300 _a1056P
650 _aAUTOMOBILES, AUTOMOBILES MAINTENANCE AND REPAIR
_966889
942 _cBK
_2ddc
999 _c574759
_d574759